000 00314nam a2200133Ia 4500
003 OSt
005 20231206071201.0
008 170523s9999 xx 000 0 und d
020 _a81-309-1059-4
040 _ciimt
100 _aHART. LOIS B
245 0 _aTRAINING SOURCES: FAULTLESS FACILITATION
942 _2ddc
_c02
999 _c11459
_d11459